<?xml version="1.0" encoding="UTF-8"?>
<record
    xmlns:xsi="http://www.w3.org/2001/XMLSchema-instance"
    xsi:schemaLocation="http://www.loc.gov/MARC21/slim http://www.loc.gov/standards/marcxml/schema/MARC21slim.xsd"
    xmlns="http://www.loc.gov/MARC21/slim">

  <leader>00962nam a2200265 i 4500</leader>
  <controlfield tag="003">EG-ScBUE</controlfield>
  <controlfield tag="005">20250521083153.0</controlfield>
  <controlfield tag="008">100325s2010    ii a   f     00010 eengdd</controlfield>
  <datafield tag="020" ind1=" " ind2=" ">
    <subfield code="a">9788122426793</subfield>
  </datafield>
  <datafield tag="040" ind1=" " ind2=" ">
    <subfield code="a">EG-ScBUE</subfield>
    <subfield code="b">eng</subfield>
    <subfield code="e">rda</subfield>
    <subfield code="c">EG-ScBUE</subfield>
    <subfield code="d">EG-ScBUE</subfield>
  </datafield>
  <datafield tag="082" ind1="0" ind2="4">
    <subfield code="2">22</subfield>
    <subfield code="a">531.32</subfield>
    <subfield code="b">CHA</subfield>
  </datafield>
  <datafield tag="100" ind1="1" ind2=" ">
    <subfield code="9">13115</subfield>
    <subfield code="a">Chaudhuri, R. N.,</subfield>
    <subfield code="e">author.</subfield>
  </datafield>
  <datafield tag="245" ind1=" " ind2=" ">
    <subfield code="a">Waves and oscillations /</subfield>
    <subfield code="c">R. N. Chaudhuri, Ph.D., former professor and Head Department of Physics, Department of Physics, Visva-Bharati, Santiniketan, West Bengal.</subfield>
  </datafield>
  <datafield tag="250" ind1=" " ind2=" ">
    <subfield code="a">Second edition.</subfield>
  </datafield>
  <datafield tag="264" ind1=" " ind2="1">
    <subfield code="a">New Delhi : </subfield>
    <subfield code="b">New Age International, (P) Limited, Publishers,</subfield>
    <subfield code="c">2010.</subfield>
  </datafield>
  <datafield tag="300" ind1=" " ind2=" ">
    <subfield code="a">xiv, 379 pages :</subfield>
    <subfield code="b">illustrations ;</subfield>
    <subfield code="c">24 cm</subfield>
  </datafield>
  <datafield tag="336" ind1=" " ind2=" ">
    <subfield code="2">rdacontent</subfield>
    <subfield code="a">text</subfield>
    <subfield code="b">txt</subfield>
  </datafield>
  <datafield tag="337" ind1=" " ind2=" ">
    <subfield code="a">unmediated</subfield>
    <subfield code="2">rdamedia</subfield>
    <subfield code="b">n</subfield>
  </datafield>
  <datafield tag="338" ind1=" " ind2=" ">
    <subfield code="a">volume</subfield>
    <subfield code="b">nc</subfield>
    <subfield code="2">rdacarrier</subfield>
  </datafield>
  <datafield tag="500" ind1=" " ind2=" ">
    <subfield code="a">Includes index.</subfield>
  </datafield>
  <datafield tag="650" ind1=" " ind2="7">
    <subfield code="9">12628</subfield>
    <subfield code="a">Waves.</subfield>
    <subfield code="2">BUEsh</subfield>
  </datafield>
  <datafield tag="650" ind1=" " ind2="7">
    <subfield code="9">13114</subfield>
    <subfield code="a">Oscillations.</subfield>
    <subfield code="2">BUEsh</subfield>
  </datafield>
  <datafield tag="655" ind1=" " ind2=" ">
    <subfield code="v">Reading book</subfield>
  </datafield>
  <datafield tag="942" ind1=" " ind2=" ">
    <subfield code="2">ddc</subfield>
    <subfield code="c">BB</subfield>
  </datafield>
  <datafield tag="999" ind1=" " ind2=" ">
    <subfield code="c">13781</subfield>
    <subfield code="d">13781</subfield>
  </datafield>
  <datafield tag="952" ind1=" " ind2=" ">
    <subfield code="0">0</subfield>
    <subfield code="1">0</subfield>
    <subfield code="2">ddc</subfield>
    <subfield code="4">0</subfield>
    <subfield code="7">0</subfield>
    <subfield code="8">Alahram</subfield>
    <subfield code="a">MAIN</subfield>
    <subfield code="b">MAIN</subfield>
    <subfield code="c">1ST</subfield>
    <subfield code="d">2010-03-25</subfield>
    <subfield code="e">Purchase</subfield>
    <subfield code="g">77.00</subfield>
    <subfield code="h">39</subfield>
    <subfield code="l">1</subfield>
    <subfield code="o">531.32 CHA</subfield>
    <subfield code="p">000020340</subfield>
    <subfield code="r">2025-07-15 00:00:00</subfield>
    <subfield code="s">2010-10-13</subfield>
    <subfield code="w">2010-03-25</subfield>
    <subfield code="y">BB</subfield>
  </datafield>
</record>
